00483pam a2200169 a 4500020002400000040002300024041001000047082001300057100002400070245006700094250001700161260004500178300001900223365001100242653001700253700004300270 c339.30 (Hard Cover) aDental College Lib aengh a615bKUT aKutscher, Austin H. aPharmacology for the Dental Hygienist / c.hTextual Documents a2nd ed / b. aPhiladelphia : blea & Febiger , c1982. a304 ; c22X29. a339.30 aPharmacology aGoldberg, Michael R.aHyman, George A.